Proceedings of the ... Workshop on Analytic Algorithmics and Combinatorics ANALCO.

Detalles Bibliográficos
Autor Corporativo: Society for Industrial and Applied Mathematics
Formato: Electrónico Seriadas
Lenguaje:inglés
Publicado: Philadelphia, PA : Society for Industrial and Applied Mathematics
Materias:
Acceso en línea:Full text available from Research Library: 01/01/2006 to 01/31/2012

MARC

LEADER 00000nas a22000007a 4500
001 ssj0001057422
003 WaSeSS
005 20200512172242.0
006 m d
007 cr n
008 110928c20039999pauar s | a0eng
010 |a  2011203367 
022 |a 2164-0343 
035 |a (WaSeSS)ssj0001057422 
037 |b Society for Industrial and Applied Mathematics, 3600 Market St., 6th Floor, Phildadelphia, PA 19104 
040 |a DLC  |b eng  |c DLC  |d DLC  |d OCLCQ  |d OCLCF  |d OCLCO  |d OCL  |d OCLCO  |d OCLCQ  |d CUS  |d NTG  |d OCL  |d UAB  |d U3W  |d OCL  |d WaSeSS 
042 |a nsdp  |a pcc 
050 0 0 |a QA76.9.A43 
082 1 0 |a 511.6  |2 14 
210 0 |a Proc. Worksh. Anal. Algorithmics Comb. 
222 0 |a Proceedings of the ... Workshop on Analytic Algorithmics and Combinatorics 
245 0 0 |a Proceedings of the ... Workshop on Analytic Algorithmics and Combinatorics  |h [electronic resource] :  |b ANALCO. 
246 1 |a ANALCO 
246 1 |a Workshop on Analytic Algorithmics and Combinatorics 
246 1 |a ANALCO Workshop 
246 1 |a ANALCO proceedings 
246 1 |a Analytic Algorithmics and Combinatorics 
260 |a Philadelphia, PA :  |b Society for Industrial and Applied Mathematics 
310 |a Annual 
362 1 |a Began in 2003. 
506 |a License restrictions may limit access. 
588 |a Description based on: 3rd (2006); title from caption (siam.org website, viewed Sept. 28, 2011). 
588 |a Latest issue consulted: 8th (2011) (siam.org website, viewed Sept. 28, 2011). 
650 0 |a Computer algorithms  |v Congresses. 
650 0 |a Combinatorial analysis  |v Congresses. 
650 7 |a Combinatorial analysis.  |2 fast  |0 (OCoLC)fst00868961 
650 7 |a Computer algorithms.  |2 fast  |0 (OCoLC)fst00872010 
655 0 |a Electronic journals. 
710 2 |a Society for Industrial and Applied Mathematics. 
850 |a DLC 
856 4 0 |z Full text available from Research Library: 01/01/2006 to 01/31/2012  |u https://search.proquest.com/publication/676300